000 00290 a2200133 4500
001 39081
082 _a620.004202 KIR
090 _c24643
_d24643
100 _aKirpatrick
245 _aAutoCAD Book, 4/e
250 _a4
260 _aU S A
_bPrentice Hall
_c1996
300 _a703 p.
942 _aNUST-CAE
_k620.004202 KIR
999 _c274154
_d274154